Neuromarketing y neuroeconoma̕ cd̤igo emocional del consumidor /

Bibliographic Details
Main Author: Cisneros Enriquez, Andrš
Format: eBook
Language:Spanish
Published: Bogot:̀ ECOE, 2012
Subjects:
Online Access:Acceso restringido

MARC

LEADER 00000nam a22000007a 4500
005 20220207202814.0
007 cr|||| ||||
008 220207s2012 co |||||s|||| 00||0 spa d
020 |a 978-958-648-779-5 
035 |a 35789 
040 |a vLex 
090 |c 12924  |d 12924 
100 1 |a Cisneros Enriquez, Andrš 
245 1 0 |a Neuromarketing y neuroeconoma̕  |h [Recurso electrn̤ico] :  |b cd̤igo emocional del consumidor /  |c Andrš Cisneros Enriquez 
256 |a Servicio en ln̕ea 
260 |a Bogot:̀  |b ECOE,  |c 2012 
300 |a 1 recurso electrn̤ico 
500 |a Esta obra se convierte en la herramienta para comprender porqu ̌el consumidor compra y deja de consumir los productos y servicios que la nueva economa̕ de mercado le ofrece. Es una puerta abierta al entendimiento total de los micromercados y su influencia en el ambiente cambiante y revolucionario de la economa̕ actual. 
506 1 |a Disponible solo en los productos indicados  |d vLex Global  |d vLex Global (Academic Edition, excluding Law Schools)  |d vLex Global (U.S. Academic Edition, Law Schools)  |d vLex Global (U.S. Academic Edition, excluding Law Schools)  |d vLex Global (Academic Edition, Law Schools) 
650 0 4 |a Marketing  |z Colombia 
740 0 |a vLex Libros (Servicio en ln̕ea) 
856 4 0 |u https://app.vlex.com/#/sources/35789  |z Acceso restringido 
942 |c BOOK 
999 0 |a Marketing